Atomic Symbols Multiple Choice #1 - Statistics

General Stats
  • This quiz has been taken 46 times
  • The average score is 10 of 20
Answer Stats
Question Answer % Correct
What is the atomic symbol for Calcium? Ca
93%
What is the atomic symbol for Lithium? Li
93%
What is the atomic symbol for Cobalt? Co
86%
What is the atomic symbol for Silver? Ag
79%
What is the atomic symbol for Xenon? Xe
79%
What is the atomic symbol for Fluorine? F
64%
What is the atomic symbol for Arsenic? As
57%
What is the atomic symbol for Molybdenum? Mo
57%
What is the atomic symbol for Phosphorus? P
57%
What is the atomic symbol for Ruthenium? Ru
57%
What is the atomic symbol for Strontium? Sr
57%
What is the atomic symbol for Tungsten? W
43%
What is the atomic symbol for Antimony? Sb
36%
What is the atomic symbol for Ytterbium? Yb
36%
What is the atomic symbol for Platinum? Pt
29%
What is the atomic symbol for Rhenium? Re
29%
What is the atomic symbol for Seaborgium? Sg
29%
What is the atomic symbol for Lawrencium? Lr
21%
What is the atomic symbol for Protactinium? Pa
21%
What is the atomic symbol for Thulium? Tm
21%
No matching quizzes found
Score Distribution
Percent of People with Each Score
Percentile by Number Answered
Your Score History
You have not taken this quiz